লোডিং...

Arctic animal ecology

গ্রন্থ-পঞ্জীর বিবরন
প্রধান লেখক: Remmert, Hermann
বিন্যাস: Printed Book
ভাষা:English
প্রকাশিত: Berlin Springer Verlag 1980
বিষয়গুলি:
LEADER 00567nam a2200169 a 4500
005 20151028162158.0
008 960221s1955 dcuabcdjdbkoqu001 0deng d
003 ViArRB
082 |a 591.52  |b M0 
100 |a Remmert, Hermann  |9 22181 
245 |a Arctic animal ecology 
653 |a Animal ecology-Arctic region  |a Animal ecology-Arctic region  
942 |c BK  |6 _ 
260 |a Berlin  |b Springer Verlag  |c 1980 
500 |a School of Marine Sciences 
999 |c 76810  |d 76810 
952 |0 0  |1 0  |2 ddc  |4 0  |6 59152_M0  |7 0  |9 89637  |a SOS  |b SOS  |d 2010-03-24  |o 591.52 M0  |p MS004560  |r 2013-06-14  |w 2009-07-13  |y BK